000 00366nam a22001337a 4500
082 _a624.2
_bPRO.
_cD.
100 _aM. Barsom, Dr. John.
_943320
245 _aProperties of Bridge Steels.
_cDr. John M. Barsom.
260 _aWashington:
_bThe World Bank.
300 _a55 p.:
526 _a0
_b0
_c0
_d624_200000000000000_PRO
650 _aMCE
_9379
942 _2ddc
_cBK
999 _c547148
_d547148